| 000 | 00745nam a2200205 a 4500 | ||
|---|---|---|---|
| 005 | 19820422000000.0 | ||
| 008 | 820422s1980 ii bcfj 000 0 eng | ||
| 010 | _aENG-92335 | ||
| 020 |
_a9788175258600 _c99.00 |
||
| 035 | _aEN-75868 | ||
| 037 | _bDBAD / PUB | ||
| 040 |
_adpl _bEnglish |
||
| 082 | _a230.91 | ||
| 100 | _aShivani | ||
| 245 |
_a"Arunachalam" (Tiruvannamalai): _cby Shivani _ban endless experience / |
||
| 260 |
_bShivani Publishing _c2007 _aTiruvannamalai |
||
| 300 |
_axii, 115p.: _c18 cm (pbk) _bcol. photos |
||
| 942 |
_2ddc _cEN _mSHI _h230.91 |
||
| 999 |
_c20417 _d20417 |
||